| 000 | 00563nam a2200181Ia 4500 | ||
|---|---|---|---|
| 008 | 100921s9999 xx 000 0 und d | ||
| 082 |
_b19507 _a891.463 थ 85 |
||
| 100 | _aश्रोत्री निशिकांत. | ||
| 245 | _aहकनाक. | ||
| 260 |
_bउदयदिप प्रकाशन,मुंबई. _c1985 |
||
| 300 |
_a177 _b--- |
||
| 365 | _b40 | ||
| 520 | _aललित-कादंबरी. | ||
| 630 | _aहकनाक. | ||
| 650 | _aललित-कादंबरी. | ||
| 730 | _aहकनाक. | ||
| 942 | _cBOOK | ||
| 999 |
_c768620 _d768617 |
||